[Event "Glorney Cup"]
[Site "Paisley"]
[Date "2018.07.16"]
[Round "2.12"]
[White "Camp, Imogen A L"]
[Black "Hingouet, Matthieu"]
[Result "0-1"]
[WhiteElo "1874"]
[BlackElo "2209"]
[PlyCount "92"]
[EventDate "2018.??.??"]
[WhiteClock "0:17:56"]
[BlackClock "0:00:42"]

1. d4 Nf6 2. Bf4 e6 3. Nf3 d5 4. e3 c5 5. c3 Bd6 6. Bg3 O-O 7. Bd3 Qc7 8. Ne5
Nbd7 9. f4 cxd4 10. exd4 Ne4 11. Nd2 Nxd2 12. Qxd2 f6 13. Nxd7 Bxd7 14. O-O b5
15. Qe2 Rab8 16. Rae1 f5 17. Rc1 Rfc8 18. Qf3 Qb6 19. Bf2 Rc7 20. Be3 Kh8 21.
Qh5 Be8 22. Qh3 Rbc8 23. g4 g6 24. gxf5 exf5 25. Qf3 Bf7 26. Kh1 b4 27. cxb4
Qxb4 28. Qf2 Be8 29. Rxc7 Rxc7 30. Rc1 Rxc1+ 31. Bxc1 Bb5 32. Bxb5 Qxb5 33. Kg2
Qc4 34. Qe3 Kg7 35. a3 Qc2+ 36. Qd2 Qe4+ 37. Kg1 Kf7 38. Qf2 Qb1 39. Qe3 Bc7
40. Kf2 Qc2+ 41. Kg1 Bb6 42. Qc3 Qd1+ 43. Kg2 Qxd4 44. Qe1 Qe4+ 45. Qxe4 fxe4
46. Kf1 d4 0-1

[Event "Glorney Cup"]
[Site "Paisley"]
[Date "2018.07.16"]
[Round "2.13"]
[White "Weisman, Nathan"]
[Black "Evans, James"]
[Result "1-0"]
[WhiteElo "2003"]
[BlackElo "1559"]
[PlyCount "45"]
[EventDate "2018.??.??"]
[WhiteClock "0:35:32"]
[BlackClock "0:40:14"]

1. e4 e5 2. Nf3 Nc6 3. d4 exd4 4. Nxd4 Nf6 5. Nxc6 bxc6 6. e5 Nd5 7. c4 Nb6 8.
Bd3 d5 9. exd6 cxd6 10. O-O Be7 11. Nc3 Be6 12. Qe2 O-O 13. Qe4 g6 14. Bh6 Bf5
15. Qf3 Bxd3 16. Qxd3 Re8 17. Rfe1 Qc7 18. Qd4 f6 19. Ne4 Kf7 20. Ng5+ Kg8 21.
Re2 d5 22. Rae1 c5 23. Qxf6 1-0

[Event "Glorney Cup"]
[Site "Paisley"]
[Date "2018.07.16"]
[Round "2.14"]
[White "Fowler, Caspian"]
[Black "Naillou, Thomas"]
[Result "0-1"]
[WhiteElo "1404"]
[BlackElo "2008"]
[PlyCount "48"]
[EventDate "2018.??.??"]
[WhiteClock "1:06:23"]
[BlackClock "0:29:20"]

1. e4 c5 2. c3 Nf6 3. e5 Nd5 4. d4 cxd4 5. Nf3 e6 6. Bc4 Nb6 7. Bb3 dxc3 8.
Nxc3 d5 9. Be3 Nc6 10. Rc1 Be7 11. Ne2 O-O 12. h4 Nd7 13. Bf4 Qa5+ 14. Kf1 Nc5
15. Ne1 Qb5 16. Rc3 Ne4 17. Rch3 Qb6 18. Nd3 f6 19. Be3 d4 20. Bf4 fxe5 21.
Nxe5 Nxe5 22. f3 d3 23. fxe4 dxe2+ 24. Qxe2 Rxf4+ 0-1

[Event "Glorney Cup"]
[Site "Paisley"]
[Date "2018.07.16"]
[Round "2.15"]
[White "Dreyfus, Jacques"]
[Black "Jaberansari, Daniel"]
[Result "1-0"]
[WhiteElo "1953"]
[BlackElo "1440"]
[PlyCount "67"]
[EventDate "2018.??.??"]
[WhiteClock "1:08:00"]
[BlackClock "0:43:28"]

1. e4 e6 2. d3 d5 3. Nd2 g6 4. Ngf3 Bg7 5. g3 Ne7 6. Bg2 O-O 7. O-O Nbc6 8. Re1
b6 9. e5 Bb7 10. Nf1 Nf5 11. d4 Na5 12. h4 h5 13. Ne3 Nxe3 14. Bxe3 Nc4 15. Bg5
Qd7 16. b3 Na5 17. Nh2 c5 18. g4 hxg4 19. Nxg4 cxd4 20. Bh6 Qe7 21. Bg5 Qc7 22.
h5 Rac8 23. h6 Bh8 24. h7+ Kxh7 25. Nf6+ Bxf6 26. Bxf6 Qxc2 27. Qxd4 Qf5 28.
Re3 g5 29. Bh3 Qf4 30. Qxf4 gxf4 31. Bf5+ exf5 32. Rh3+ Kg6 33. Kh2 Rc1 34.
Rxc1 1-0

[Event "Glorney Cup"]
[Site "Paisley"]
[Date "2018.07.17"]
[Round "3.1"]
[White "Fowler, Hugo"]
[Black "Flynn, Jacob"]
[Result "1/2-1/2"]
[WhiteElo "1778"]
[BlackElo "1917"]
[PlyCount "26"]
[EventDate "2018.??.??"]
[WhiteClock "1:04:57"]
[BlackClock "0:44:51"]

1. e4 d5 2. exd5 Qxd5 3. d4 Nf6 4. c4 Qd8 5. Nc3 c6 6. Nf3 Bf5 7. Bf4 e6 8. Rc1
Bd6 9. Bg3 O-O 10. Bd3 Bxd3 11. Qxd3 c5 12. Rd1 Nc6 13. O-O Bxg3 1/2-1/2

[Event "Glorney Cup"]
[Site "Paisley"]
[Date "2018.07.17"]
[Round "3.2"]
[White "Carroll, Peter"]
[Black "Camp, Imogen A L"]
[Result "0-1"]
[WhiteElo "1742"]
[BlackElo "1874"]
[PlyCount "86"]
[EventDate "2018.??.??"]
[WhiteClock "0:05:25"]
[BlackClock "0:04:05"]

1. e4 e5 2. Nf3 Nc6 3. d4 exd4 4. Bc4 Bc5 5. c3 Nf6 6. cxd4 Bb4+ 7. Bd2 Bxd2+
8. Nbxd2 d5 9. exd5 Nxd5 10. Qb3 Nce7 11. O-O O-O 12. Ne4 b6 13. Rac1 a5 14.
Ne5 Bb7 15. Qh3 Ng6 16. Nxg6 hxg6 17. Qg3 Rc8 18. Rfd1 Nf6 19. Ng5 Nh7 20. Nxh7
Kxh7 21. d5 Qf6 22. Bb3 c5 23. Rc4 g5 24. Rg4 Qxb2 25. Rxg5 Qf6 26. Qh3+ Kg8
27. Rf5 Qb2 28. d6 c4 29. d7 cxb3 30. dxc8=Q Bxc8 31. axb3 Qc2 32. Qd3 Qxd3 33.
Rxd3 Bxf5 34. Rd6 Rb8 35. Kf1 Be6 36. Rd3 a4 37. Ke1 Bxb3 38. Kd2 b5 39. Kc3
Bc4 40. Rd7 a3 41. Ra7 a2 42. Kd4 Rd8+ 43. Kc5 Rd1 0-1

[Event "Glorney Cup"]
[Site "Paisley"]
[Date "2018.07.17"]
[Round "3.3"]
[White "Evans, James"]
[Black "Zelenchuk, Daniil"]
[Result "0-1"]
[WhiteElo "1559"]
[BlackElo "1700"]
[PlyCount "60"]
[EventDate "2018.??.??"]

1. e4 c5 2. Nf3 d6 3. d4 cxd4 4. Nxd4 Nf6 5. Nc3 g6 6. Be3 Bg7 7. f3 Nc6 8. Qd2
Bd7 9. Bc4 Rc8 10. Bb3 Ne5 11. O-O-O Nc4 12. Bxc4 Rxc4 13. Bh6 Rxd4 14. Qxd4
Bxh6+ 15. Kb1 b6 16. h4 Bg7 17. g4 O-O 18. Qe3 Bc6 19. Rh2 Nd7 20. h5 Ne5 21.
Rdh1 h6 22. hxg6 fxg6 23. Rh3 Qe8 24. Ne2 Qf7 25. Nd4 Nxg4 26. fxg4 Qf1+ 27.
Rxf1 Rxf1+ 28. Qc1 Rxc1+ 29. Kxc1 Bxd4 30. Rxh6 Be3+ 0-1

[Event "Glorney Cup"]
[Site "Paisley"]
[Date "2018.07.17"]
[Round "3.4"]
[White "Nolan, Dermot"]
[Black "Fowler, Caspian"]
[Result "1-0"]
[WhiteElo "1762"]
[BlackElo "1404"]
[PlyCount "90"]
[EventDate "2018.??.??"]
[WhiteClock "0:00:32"]
[BlackClock "0:20:31"]

1. e4 e5 2. Nf3 Nc6 3. Bb5 a6 4. Ba4 Nf6 5. O-O b5 6. Bb3 Bc5 7. Re1 d6 8. c3
Ba7 9. d3 h6 10. Nbd2 O-O 11. Nf1 Ne7 12. Be3 Be6 13. Bxa7 Rxa7 14. Ng3 Ng6 15.
d4 Ra8 16. Bxe6 fxe6 17. Qb3 Qd7 18. dxe5 Nxe5 19. Nxe5 dxe5 20. Red1 Qc6 21.
f3 Kf7 22. a4 Rfd8 23. h3 Ne8 24. Nf1 bxa4 25. Qa3 Rdb8 26. Rd2 Rb3 27. Qxa4
Qb6+ 28. Kh2 Rxb2 29. Qd7+ Kf6 30. Ne3 Rxd2 31. Ng4+ Kg6 32. Nxe5+ Kh7 33. Qxd2
Qd6 34. Qf4 Nf6 35. Qg3 g5 36. Ra5 Nh5 37. Qe1 c5 38. f4 Nxf4 39. Nc4 Qc7 40.
e5 Ng6 41. Qe3 Rc8 42. Rxa6 Qb7 43. Ra5 Qc7 44. Qe4 Qc6 45. Ra7+ Rc7 1-0

[Event "Glorney Cup"]
[Site "Paisley"]
[Date "2018.07.17"]
[Round "3.5"]
[White "Jaberansari, Daniel"]
[Black "Moran, Darragh"]
[Result "0-1"]
[WhiteElo "1440"]
[BlackElo "1734"]
[PlyCount "78"]
[EventDate "2018.??.??"]

1. e4 e6 2. Nf3 d5 3. e5 c5 4. b4 cxb4 5. d4 Nc6 6. a3 bxa3 7. c3 a2 8. Rxa2
Bd7 9. Bd3 Nge7 10. O-O Ng6 11. Ba3 Bxa3 12. Nxa3 a6 13. Qa1 O-O 14. Bxg6 hxg6
15. c4 Ne7 16. Rc1 dxc4 17. Nxc4 Bc6 18. Ra3 Nf5 19. Rd1 Bxf3 20. Rxf3 b5 21.
Ne3 Qb6 22. d5 Nxe3 23. Rxe3 exd5 24. Rxd5 Rfd8 25. Red3 Rxd5 26. Rxd5 Rd8 27.
Qd1 Rxd5 28. Qxd5 b4 29. Qc4 Qd8 30. Qb3 Qd4 31. g3 a5 32. e6 Qf6 33. Qd5 fxe6
34. Qxa5 b3 35. Qb6 b2 36. Kg2 Qe5 37. Kh3 Qf5+ 38. g4 b1=Q 39. Qd8+ Qf8 0-1

[Event "Glorney Cup"]
[Site "Paisley"]
[Date "2018.07.17"]
[Round "3.6"]
[White "Hilwerda, Jonas"]
[Black "Lutard, Theo"]
[Result "1/2-1/2"]
[WhiteElo "2135"]
[BlackElo "2210"]
[PlyCount "53"]
[EventDate "2018.??.??"]
[WhiteClock "0:28:52"]
[BlackClock "0:17:03"]

1. e4 e6 2. d4 d5 3. Nd2 c5 4. exd5 Qxd5 5. Ngf3 cxd4 6. Bc4 Qd6 7. O-O Nf6 8.
Nb3 Nc6 9. Nbxd4 Nxd4 10. Nxd4 Bd7 11. c3 Be7 12. Qe2 O-O 13. Re1 Qc7 14. Nb5
Qb6 15. Be3 Bc5 16. Nd4 Qc7 17. h3 Rac8 18. Bb3 Rfe8 19. Bg5 Bxd4 20. cxd4 Nd5
21. Rac1 Qd6 22. Qe5 Rc6 23. Bxd5 Qxd5 24. Qxd5 exd5 25. Rxe8+ Bxe8 26. Re1 Re6
27. Rxe6 1/2-1/2

[Event "Glorney Cup"]
[Site "Paisley"]
[Date "2018.07.17"]
[Round "3.7"]
[White "Hingouet, Matthieu"]
[Black "Baselmans, Luuk"]
[Result "1-0"]
[WhiteElo "2209"]
[BlackElo "2082"]
[PlyCount "55"]
[EventDate "2018.??.??"]
[WhiteClock "0:22:06"]
[BlackClock "0:37:41"]

1. d4 e6 2. c4 Bb4+ 3. Nc3 b6 4. e3 Bb7 5. Nge2 Nf6 6. a3 Bxc3+ 7. Nxc3 d6 8.
d5 O-O 9. Be2 Nbd7 10. O-O a5 11. Rb1 e5 12. Qc2 Qe7 13. b3 g6 14. f4 exf4 15.
exf4 Nc5 16. b4 axb4 17. axb4 Nce4 18. Bb2 Rfe8 19. Rbe1 Nxc3 20. Qxc3 Ra2 21.
Bf3 Qxe1 22. Rxe1 Rxe1+ 23. Qxe1 Rxb2 24. Qe7 Rxb4 25. Qxf6 Rxc4 26. f5 gxf5
27. Qxf5 Rc5 28. h4 1-0

[Event "Glorney Cup"]
[Site "Paisley"]
[Date "2018.07.17"]
[Round "3.8"]
[White "Kouwenhoven, Derk"]
[Black "Weisman, Nathan"]
[Result "1-0"]
[WhiteElo "1994"]
[BlackElo "2003"]
[PlyCount "81"]
[EventDate "2018.??.??"]
[WhiteClock "0:08:32"]
[BlackClock "0:19:29"]

1. e4 c5 2. Nf3 e6 3. d4 cxd4 4. Nxd4 Nf6 5. Nc3 d6 6. Bg5 Be7 7. Qd2 h6 8. Bh4
Nc6 9. O-O-O O-O 10. f4 e5 11. Ndb5 exf4 12. Nxd6 Ne5 13. Be2 Be6 14. Kb1 Qb6
15. Qd4 Qxd4 16. Rxd4 Rfd8 17. Rhd1 Rab8 18. Bxf6 Bxf6 19. Nd5 Bxd5 20. Rxd5 a6
21. a4 g5 22. Nf5 Kh7 23. h3 Kg6 24. Rd6 b5 25. Ne7+ Kg7 26. Rxd8 Rxd8 27. Rxd8
Bxe7 28. Rd5 f6 29. axb5 axb5 30. Rxb5 Kg6 31. c3 h5 32. Rxe5 fxe5 33. b4 Kf7
34. Bxh5+ Ke6 35. Kc2 Kd6 36. Be8 Bd8 37. c4 Be7 38. c5+ Kc7 39. Kc3 Kd8 40.
Ba4 Kc7 41. Kc4 1-0

[Event "Glorney Cup"]
[Site "Paisley"]
[Date "2018.07.17"]
[Round "3.9"]
[White "Reichardt, Robin"]
[Black "Naillou, Thomas"]
[Result "1/2-1/2"]
[WhiteElo "1972"]
[BlackElo "2008"]
[PlyCount "138"]
[EventDate "2018.??.??"]

1. e4 e5 2. Nf3 Nc6 3. Bc4 Nf6 4. Ng5 d5 5. exd5 Na5 6. Bb5+ c6 7. dxc6 bxc6 8.
Qf3 Be7 9. Ba4 O-O 10. O-O Bg4 11. Qg3 Qd4 12. Nc3 Nh5 13. Qh4 h6 14. d3 hxg5
15. Bxg5 Bxg5 16. Qxg5 Nf6 17. Rae1 Qf4 18. Rxe5 Qxg5 19. Rxg5 Nb7 20. Bxc6
Rab8 21. Re1 Rfc8 22. Rxg4 Rxc6 23. Rb4 Rcc8 24. Re5 Nd6 25. Rb3 Rb6 26. f3 Nb7
27. Kf1 Nd8 28. Ke1 Nc6 29. Rxb6 axb6 30. Rb5 Nd7 31. Kd2 g6 32. Nd5 Kg7 33. c3
Ra8 34. a3 Rd8 35. a4 Nc5 36. c4 Nxa4 37. b3 Nc5 38. Rxb6 Ne5 39. d4 Nxb3+ 40.
Rxb3 Nxc4+ 41. Kc3 Nd6 42. Nf4 Nf5 43. Rb4 g5 44. Nh3 f6 45. g4 Ne3 46. Ra4 Rh8
47. Nf2 Rxh2 48. Ra7+ Kg6 49. Ne4 Rh8 50. Kd3 Nd5 51. Kc4 Ne3+ 52. Kc5 Rd8 53.
Nd6 f5 54. gxf5+ Nxf5 55. Nxf5 Kxf5 56. Ra3 Rc8+ 57. Kd5 Rd8+ 58. Kc4 Rc8+ 59.
Kd3 Kf4 60. Ke2 Re8+ 61. Kf2 Rd8 62. Rd3 Rd5 63. Kg2 g4 64. fxg4 Kxg4 65. Kf2
Kf4 66. Ke2 Ke4 67. Re3+ Kxd4 68. Rd3+ Kc4 69. Rxd5 Kxd5 1/2-1/2

[Event "Glorney Cup"]
[Site "Paisley"]
[Date "2018.07.17"]
[Round "3.10"]
[White "Klein, Jorik"]
[Black "Dreyfus, Jacques"]
[Result "1/2-1/2"]
[WhiteElo "1875"]
[BlackElo "1953"]
[PlyCount "145"]
[EventDate "2018.??.??"]
[WhiteClock "0:05:39"]
[BlackClock "0:08:03"]

1. d4 d5 2. Nf3 e6 3. e3 Nf6 4. c4 c6 5. Bd3 dxc4 6. Bxc4 b5 7. Bd3 a6 8. O-O
Bb7 9. b3 Nbd7 10. Bb2 c5 11. Nbd2 Bd6 12. Qe2 cxd4 13. Nxd4 O-O 14. Rac1 Rc8
15. Rxc8 Qxc8 16. Rc1 Qb8 17. h3 Rc8 18. Qd1 Rxc1 19. Qxc1 Qc7 20. Qxc7 Bxc7
21. Ba3 Bb6 22. Bb2 Nc5 23. Bc2 Nd5 24. a3 Nf6 25. b4 Nce4 26. Nxe4 Bxe4 27.
Bxe4 Nxe4 28. Nc6 Bc7 29. Be5 Bxe5 30. Nxe5 Nd2 31. Nd7 Nc4 32. Nc5 a5 33. bxa5
Nxa5 34. Kf1 Kf8 35. Ke2 Ke7 36. Kd3 Nc4 37. Kc3 Nxa3 38. Kb4 Nc2+ 39. Kxb5 Ne1
40. g3 Nf3 41. Kc4 g5 42. Nd3 Ng1 43. h4 gxh4 44. gxh4 Nf3 45. h5 Kf6 46. Nf4
Kg5 47. Kd3 e5 48. Nd5 f5 49. Ke2 e4 50. Nf4 Ne5 51. Kd2 Ng4 52. Ke2 Nf6 53.
Ne6+ Kxh5 54. f3 Kh4 55. Kf2 h6 56. Ng7 Kg5 57. Ne6+ Kg6 58. Nf4+ Kg5 59. Ne6+
Kh5 60. Kg3 Nd5 61. fxe4 fxe4 62. Nf4+ Nxf4 63. Kxf4 Kh4 64. Kxe4 Kg3 65. Kf5
h5 66. e4 h4 67. e5 h3 68. e6 h2 69. e7 h1=Q 70. e8=Q Qf3+ 71. Ke6 Qe4+ 72. Kf7
Qxe8+ 73. Kxe8 1/2-1/2

[Event "Glorney Cup"]
[Site "Paisley"]
[Date "2018.07.17"]
[Round "3.11"]
[White "Abdulla, Murad"]
[Black "Onslow, Alfie"]
[Result "1/2-1/2"]
[WhiteElo "2281"]
[BlackElo "2006"]
[PlyCount "99"]
[EventDate "2018.??.??"]
[WhiteClock "0:02:29"]
[BlackClock "0:02:16"]

1. Nf3 d5 2. b3 Nf6 3. Bb2 c5 4. d3 Nc6 5. Nbd2 g6 6. c4 e6 7. Rc1 b6 8. cxd5
exd5 9. d4 Nxd4 10. Nxd4 cxd4 11. Bxd4 Bg7 12. Qc2 O-O 13. Qb2 Ba6 14. a4 Nh5
15. e3 Bxd4 16. Qxd4 Rc8 17. Rc3 Qf6 18. Qxf6 Nxf6 19. Nb1 Bxf1 20. Rxf1 Ne4
21. Rxc8 Rxc8 22. f3 Rc1+ 23. Ke2 Nc3+ 24. Nxc3 Rxc3 25. Rb1 Rc2+ 26. Kf1 Kg7
27. Rd1 Rc3 28. Kf2 Rxb3 29. Rxd5 a5 30. Rd6 Rb4 31. g4 Rxa4 32. Rxb6 Ra1 33.
Kg3 g5 34. h4 h6 35. Rb5 Kg6 36. Rb6+ Kg7 37. Ra6 a4 38. Ra5 Kg6 39. h5+ Kg7
40. f4 gxf4+ 41. exf4 a3 42. Kg2 a2 43. Ra6 Kh7 44. Ra7 Kg7 45. Ra6 Kh7 46. Ra4
Kg7 47. Ra7 Kg8 48. Ra6 Kg7 49. f5 f6 50. Ra7+ 1/2-1/2

[Event "Glorney Cup"]
[Site "Paisley"]
[Date "2018.07.17"]
[Round "3.12"]
[White "Forster, Matthew"]
[Black "Shafi, Declan"]
[Result "0-1"]
[WhiteElo "1940"]
[BlackElo "2177"]
[PlyCount "108"]
[EventDate "2018.??.??"]
[WhiteClock "0:01:21"]
[BlackClock "0:00:43"]

1. g3 g6 2. c4 Bg7 3. Bg2 c5 4. Nc3 Nc6 5. e3 e5 6. Nge2 d6 7. O-O Nge7 8. a3
a5 9. Nb5 Be6 10. b3 O-O 11. Bb2 d5 12. cxd5 Bxd5 13. Bxd5 Nxd5 14. Qc2 b6 15.
Rfd1 Rc8 16. Rac1 Qd7 17. Qc4 Rfd8 18. d3 Nf6 19. Kg2 Qb7 20. Kf1 h5 21. Nbc3
Ne7 22. Ne4 Nfd5 23. N4c3 Qd7 24. Kg2 Nc7 25. Ne4 Ne6 26. h3 Qc6 27. Kf1 b5 28.
Qc2 f5 29. Nd2 Ng5 30. Ng1 Qd5 31. Ke2 Qd6 32. Ndf3 Ne6 33. Qd2 e4 34. Ne1 Qa6
35. Bxg7 Nxg7 36. f3 Ne6 37. h4 c4 38. d4 cxb3 39. Kf2 Nd5 40. Ne2 a4 41. Nc3
Nxc3 42. Rxc3 Rxc3 43. Qxc3 Rc8 44. Qb2 Qd6 45. Rd2 Rc4 46. fxe4 fxe4 47. Qb1
Qd5 48. Ng2 Qf5+ 49. Nf4 Nxd4 50. Qd1 Ne6 51. Rd6 Rc2+ 52. Kg1 Nxf4 53. Rd8+
Kh7 54. Qd4 Ne2+ 0-1

[Event "Glorney Cup"]
[Site "Paisley"]
[Date "2018.07.17"]
[Round "3.13"]
[White "Volland, Ben"]
[Black "Harman, George"]
[Result "1/2-1/2"]
[WhiteElo "1887"]
[BlackElo "1515"]
[PlyCount "52"]
[EventDate "2018.??.??"]
[WhiteClock "0:01:32"]
[BlackClock "0:05:36"]

1. c4 c5 2. g3 Nc6 3. Bg2 g6 4. Nc3 Bg7 5. d3 d6 6. e4 f5 7. Nge2 Nf6 8. O-O
O-O 9. h3 a6 10. Bd2 Rb8 11. exf5 Bxf5 12. Ne4 Nxe4 13. dxe4 Be6 14. Qc2 Ne5
15. Bc3 Nxc4 16. Nf4 Bf7 17. Bxg7 Kxg7 18. h4 Ne5 19. Qc3 Kg8 20. Bh3 h5 21.
Rad1 Qb6 22. Ne6 Bxe6 23. Bxe6+ Kh7 24. f4 Ng4 25. Bxg4 hxg4 26. Rd5 Qb4
1/2-1/2

[Event "Glorney Cup"]
[Site "Paisley"]
[Date "2018.07.17"]
[Round "3.14"]
[White "Gogna, Avi"]
[Black "Sanger, Jake M"]
[Result "0-1"]
[WhiteElo "1512"]
[BlackElo "1841"]
[PlyCount "78"]
[EventDate "2018.??.??"]
[WhiteClock "0:55:23"]
[BlackClock "0:41:00"]

1. d4 Nf6 2. Nf3 g6 3. c4 Bg7 4. g3 c6 5. Bg2 O-O 6. O-O d5 7. Nbd2 Nbd7 8. b3
Qa5 9. Bb2 Ne4 10. Qc2 Ndf6 11. e3 Bf5 12. Nxe4 Nxe4 13. Qe2 Rfd8 14. Nh4 Be6
15. Bxe4 dxe4 16. Qc2 Bh3 17. Rfe1 g5 18. Bc3 Qc7 19. Ng2 f5 20. Rec1 Qd6 21.
Ne1 Bg4 22. f3 exf3 23. Qf2 f4 24. gxf4 gxf4 25. Rd1 fxe3 26. Qxe3 f2+ 27. Qxf2
Bxd1 28. Rxd1 c5 29. Nc2 cxd4 30. Qg2 Qg6 31. Qxg6 hxg6 32. Bb4 e5 33. Be7 Rd7
34. Bg5 Rb8 35. Ne3 b5 36. Kg2 Rbb7 37. Ng4 bxc4 38. bxc4 Rdc7 39. Rd2 Rxc4 0-1

[Event "Glorney Cup"]
[Site "Paisley"]
[Date "2018.07.17"]
[Round "3.15"]
[White "Pannwitz, Kai"]
[Black "Miller, Max C"]
[Result "1-0"]
[WhiteElo "1779"]
[BlackElo "1498"]
[PlyCount "61"]
[EventDate "2018.??.??"]
[WhiteClock "0:01:00"]
[BlackClock "0:21:50"]

1. d4 Nf6 2. Nf3 e6 3. Bf4 c5 4. e3 Nc6 5. c3 Be7 6. Nbd2 d5 7. Ne5 O-O 8. Bd3
Nxe5 9. Bxe5 b6 10. Qf3 Nd7 11. Bf4 Bg5 12. Qh5 h6 13. Bg3 Re8 14. h4 Bf6 15.
Be5 Bxe5 16. dxe5 Qc7 17. Nf3 c4 18. Bc2 Bb7 19. Rh3 Kf8 20. Rg3 Ke7 21. Rxg7
Rf8 22. Bg6 Kd8 23. Bxf7 Nc5 24. Nd4 Bc8 25. f4 Nd3+ 26. Ke2 Nc5 27. Qg6 Qe7
28. Nc6+ Kd7 29. Nxe7 Kxe7 30. Qf6+ Kd7 31. Be8+ 1-0

[Event "Glorney Cup"]
[Site "Paisley"]
[Date "2018.07.17"]
[Round "4.1"]
[White "Flynn, Jacob"]
[Black "Onslow, Alfie"]
[Result "1/2-1/2"]
[WhiteElo "1917"]
[BlackElo "2006"]
[PlyCount "88"]
[EventDate "2018.??.??"]
[WhiteClock "0:01:18"]
[BlackClock "0:28:24"]

1. d4 d5 2. c4 e6 3. Nc3 Bb4 4. Qc2 Nf6 5. cxd5 exd5 6. Bg5 c6 7. a3 Ba5 8. e3
O-O 9. Bd3 h6 10. Bh4 Nbd7 11. Nf3 Re8 12. O-O Bxc3 13. Qxc3 g5 14. Bg3 Ne4 15.
Qc2 h5 16. Nd2 h4 17. Bxe4 dxe4 18. Bd6 Qf6 19. Bb4 Qg6 20. f4 Nf6 21. Nc4 Nd5
22. fxg5 h3 23. Rae1 Qxg5 24. Nd6 Re6 25. Nxf7 Qxg2+ 26. Qxg2+ hxg2 27. Kxg2
Rg6+ 28. Kh1 Bh3 29. Rf2 Nxb4 30. axb4 Rf8 31. Ne5 Rxf2 32. Nxg6 Bg2+ 33. Kg1
Rxb2 34. h4 Bf3 35. Nf4 Rxb4 36. Kh2 a5 37. Rg1+ Kh7 38. Kh3 a4 39. d5 cxd5 40.
Nxd5 Rb5 41. Nf6+ Kh6 42. Ng8+ Kh7 43. Nf6+ Kh6 44. Ng8+ Kh7 1/2-1/2

[Event "Glorney Cup"]
[Site "Paisley"]
[Date "2018.07.17"]
[Round "4.2"]
[White "Forster, Matthew"]
[Black "Carroll, Peter"]
[Result "1-0"]
[WhiteElo "1940"]
[BlackElo "1742"]
[PlyCount "93"]
[EventDate "2018.??.??"]
[WhiteClock "0:22:20"]
[BlackClock "0:11:02"]

1. c4 e5 2. g3 Nc6 3. Nc3 f5 4. Nf3 e4 5. Nh4 d6 6. Ng2 Nf6 7. d4 d5 8. c5 b6
9. b4 a5 10. Qa4 Bd7 11. b5 Ne7 12. c6 Be6 13. Nf4 Bf7 14. h4 Nh5 15. a3 Nxf4
16. Bxf4 Ng6 17. Bd2 Ne7 18. Bg2 Ng8 19. f3 Nf6 20. fxe4 fxe4 21. Bh3 Bd6 22.
Rg1 O-O 23. Qc2 Nh5 24. Bg5 Be7 25. Be3 Nxg3 26. Kd2 Bxh4 27. Rg2 Nh5 28. Rag1
Bf6 29. Bg4 Qd6 30. Qa2 Rad8 31. Bxh5 Bxh5 32. Nxe4 Qe6 33. Nxf6+ Qxf6 34. Qa1
Rde8 35. Rxg7+ Qxg7 36. Rxg7+ Kxg7 37. Qg1+ Bg6 38. Qh2 Rf7 39. Bf4 Ree7 40.
Qh6+ Kg8 41. Qg5 Kf8 42. e3 Be4 43. Qg4 Rf6 44. Qc8+ Re8 45. Qxc7 Rg6 46. Qd7
Rg2+ 47. Ke1 1-0

[Event "Glorney Cup"]
[Site "Paisley"]
[Date "2018.07.17"]
[Round "4.3"]
[White "Zelenchuk, Daniil"]
[Black "Harman, George"]
[Result "1-0"]
[WhiteElo "1700"]
[BlackElo "1515"]
[PlyCount "39"]
[EventDate "2018.??.??"]

1. e4 c5 2. Nf3 Nc6 3. d4 cxd4 4. Nxd4 g6 5. Nc3 Bg7 6. Be3 Nf6 7. f4 d6 8. Qd2
Ng4 9. Bg1 O-O 10. h3 Nf6 11. g4 Bd7 12. Be2 Rc8 13. g5 Ne8 14. h4 Nc7 15. h5
Ne6 16. Nxc6 Bxc6 17. hxg6 hxg6 18. Bg4 f5 19. Be2 Bxc3 20. Qxc3 1-0

[Event "Glorney Cup"]
[Site "Paisley"]
[Date "2018.07.17"]
[Round "4.4"]
[White "Gogna, Avi"]
[Black "Nolan, Dermot"]
[Result "0-1"]
[WhiteElo "1512"]
[BlackElo "1762"]
[PlyCount "58"]
[EventDate "2018.??.??"]
[WhiteClock "1:01:38"]
[BlackClock "0:30:14"]

1. d4 Nf6 2. Nf3 g6 3. c4 Bg7 4. g3 O-O 5. Bg2 d6 6. O-O Nbd7 7. Qc2 c6 8. Nc3
e5 9. Rd1 Qc7 10. b3 b6 11. Ba3 Re8 12. dxe5 dxe5 13. Bd6 Qb7 14. Ng5 h6 15.
Nge4 Nxe4 16. Qxe4 a5 17. Qxc6 Ra7 18. Nb5 e4 19. Rac1 Qxc6 20. Nxa7 Qa8 21.
Nb5 Qc6 22. Nc7 Rd8 23. Be7 Qxc7 24. Bxd8 Qxd8 25. Bxe4 Qe7 26. Bf3 Nc5 27. Bg2
Bb7 28. Bxb7 Nxb7 29. e3 Nc5 0-1

[Event "Glorney Cup"]
[Site "Paisley"]
[Date "2018.07.17"]
[Round "4.5"]
[White "Moran, Darragh"]
[Black "Miller, Max C"]
[Result "1-0"]
[WhiteElo "1734"]
[BlackElo "1498"]
[PlyCount "115"]
[EventDate "2018.??.??"]

1. e4 c5 2. Nc3 Nc6 3. Bb5 e6 4. Bxc6 bxc6 5. d3 g6 6. f4 Bg7 7. Nf3 Nf6 8. e5
Nd5 9. Ne4 O-O 10. c4 Ne7 11. Be3 f6 12. Bxc5 fxe5 13. fxe5 Nf5 14. Bxf8 Bxf8
15. Qe2 Bb4+ 16. Nfd2 Nd4 17. Qf2 Nc2+ 18. Ke2 Nxa1 19. Rxa1 Bxd2 20. Nxd2 Bb7
21. Ne4 Qc7 22. Qd4 Kg7 23. Qd6 Qxd6 24. Nxd6 Ba6 25. Rf1 Rb8 26. b3 Rf8 27.
Rxf8 Kxf8 28. b4 Kg7 29. b5 cxb5 30. cxb5 Bxb5 31. Nxb5 a6 32. Nc7 a5 33. d4 g5
34. Kf3 Kg6 35. g4 h5 36. h3 hxg4+ 37. hxg4 Kf7 38. Ke4 Ke7 39. d5 a4 40. d6+
Kd8 41. Nxe6+ dxe6 42. Kd4 Kd7 43. Kc4 Kc6 44. Kb4 a3 45. Kxa3 Kb6 46. Kb4 Kc6
47. a4 Kb6 48. a5+ Kc6 49. a6 Kb6 50. d7 Kc6 51. d8=R Kb6 52. Rd6+ Ka7 53. Kb5
Kb8 54. Rd7 Kc8 55. Rh7 Kb8 56. Kc6 Ka8 57. Kb6 Kb8 58. Rh8# 1-0

[Event "Glorney Cup"]
[Site "Paisley"]
[Date "2018.07.17"]
[Round "4.6"]
[White "Lutard, Theo"]
[Black "Abdulla, Murad"]
[Result "1/2-1/2"]
[WhiteElo "2210"]
[BlackElo "2281"]
[PlyCount "119"]
[EventDate "2018.??.??"]
[WhiteClock "0:02:00"]
[BlackClock "0:01:57"]

1. e4 c5 2. Nf3 d6 3. Bb5+ Nd7 4. d4 Qa5+ 5. Nc3 cxd4 6. Qxd4 a6 7. Bxd7+ Bxd7
8. O-O e5 9. Qd3 Rc8 10. Rd1 h6 11. Nd2 Qc7 12. Nf1 Nf6 13. Ne3 Be7 14. Bd2 Be6
15. Rac1 O-O 16. Ncd5 Nxd5 17. Nxd5 Bxd5 18. Qxd5 Qb6 19. b3 Rc5 20. Qd3 Qc7
21. c4 Rc8 22. Be3 Rc6 23. Qb1 Bg5 24. Bxg5 hxg5 25. Rc3 b5 26. Rdc1 Qa5 27. h3
g6 28. R1c2 Qb6 29. Qc1 Qd4 30. Qe3 Kg7 31. Qxd4 exd4 32. Rd3 bxc4 33. bxc4
Rxc4 34. Rcd2 Kf6 35. Rxd4 Rxd4 36. Rxd4 Ke6 37. f3 Rc1+ 38. Kh2 Rc5 39. Kg3
Ra5 40. Rd2 Ra4 41. Kg4 f6 42. Kg3 Ra3 43. h4 gxh4+ 44. Kxh4 Rc3 45. Kg4 Kd7
46. Rb2 Kc6 47. Kg3 a5 48. Rb8 Ra3 49. Rf8 f5 50. exf5 gxf5 51. Rxf5 Rxa2 52.
Kf4 Rxg2 53. Rxa5 Re2 54. Ra6+ Kd5 55. Ra5+ Ke6 56. Ra3 Kd5 57. Ra5+ Kc4 58.
Ra4+ Kb5 59. Re4 Rh2 60. Ke3 1/2-1/2

[Event "Glorney Cup"]
[Site "Paisley"]
[Date "2018.07.17"]
[Round "4.7"]
[White "Shafi, Declan"]
[Black "Hingouet, Matthieu"]
[Result "1/2-1/2"]
[WhiteElo "2177"]
[BlackElo "2209"]
[PlyCount "99"]
[EventDate "2018.??.??"]
[WhiteClock "0:03:28"]
[BlackClock "0:01:38"]

1. d4 Nf6 2. c4 e6 3. Nc3 Bb4 4. Qc2 O-O 5. e4 d5 6. e5 Ne4 7. Nf3 c5 8. Bd3
cxd4 9. Nxd4 Nd7 10. Bf4 Ndc5 11. O-O Bxc3 12. bxc3 Bd7 13. cxd5 Ba4 14. Nb3
exd5 15. f3 Nxd3 16. Qxd3 Bxb3 17. axb3 Nc5 18. Qb5 Qb6 19. Qxb6 axb6 20. b4
Na4 21. Ra3 Rfc8 22. Rfa1 b5 23. Kf2 Ra6 24. Bd2 Kf8 25. Ke3 Re6 26. f4 f6 27.
Kd3 fxe5 28. fxe5 Rxe5 29. Rf1+ Ke7 30. Raa1 Rc4 31. Rae1 Rce4 32. Rxe4 Rxe4
33. Bg5+ Ke6 34. Rf2 Nb6 35. Be3 Nc4 36. Bd4 Rg4 37. Re2+ Kd7 38. Bc5 b6 39.
Bd4 g6 40. g3 Rg5 41. Rf2 Ke6 42. Rf6+ Ke7 43. Rf2 Ke6 44. Rf6+ Ke7 45. Rf2 Rg4
46. Re2+ Kf7 47. Rf2+ Ke7 48. Re2+ Kf7 49. Rf2+ Ke7 50. Re2+ 1/2-1/2